Los controles sistemáticos : actividades para comprobar los resultados alcanzados (Record no. 65019)

MARC details
000 -CABECERA
campo de control de longitud fija 00656nam a2200229 a 4500
003 - IDENTIFICADOR DEL NÚMERO DE CONTROL
campo de control MX-MxUPN
005 - FECHA Y HORA DE LA ÚLTIMA TRANSACCIÓN
campo de control 20220701133300.0
008 - ELEMENTOS DE LONGITUD FIJA--INFORMACIÓN GENERAL
campo de control de longitud fija 991125n 000 0 spa u
035 ## - NÚMERO DE CONTROL DEL SISTEMA
Número de control de sistema UPN01000069560
040 ## - FUENTE DE LA CATALOGACIÓN
Centro catalogador/agencia de origen MX-MxUPN
Lengua de catalogación spa
Centro/agencia transcriptor MX-MxUPN
100 1# - ASIENTO PRINCIPAL--NOMBRE PERSONAL
Nombre de persona Sánchez Pérez, Olga
9 (RLIN) 45267
222 ## - TÍTULO CLAVE
Título clave EDUCACION
245 ## - MENCIÓN DE TÍTULO
Título Los controles sistemáticos : actividades para comprobar los resultados alcanzados
260 ## - PUBLICACIÓN, DISTRIBUCIÓN, ETC.
Lugar de publicación, distribución, etc. Cuba
300 ## - DESCRIPCIÓN FÍSICA
Extensión 51-60
362 ## - FECHAS DE PUBLICACIÓN Y/O DESIGNACIÓN SECUENCIAL
Fecha de publicación y/o designación secuencial 1983 Año 13, no. 51, oct.-dic.
653 0# - TERMINO DE INDIZACION - NO CONTROLADO
Término no controlado CONTROLES SISTEMATICOS
653 0# - TERMINO DE INDIZACION - NO CONTROLADO
Término no controlado EVALUACION EDUCATIVA
653 0# - TERMINO DE INDIZACION - NO CONTROLADO
Término no controlado METODOS DE EVALUACION
904 ## - ELEMENTOS DE DATOS D LOCAL, LDD (RLIN)
a AC
b 007371
905 ## - TIPO DE MATERIAL
Tipo de material Articulo

No items available.